| 000 | 00492nam a22001937a 4500 | ||
|---|---|---|---|
| 005 | 20190312103043.0 | ||
| 008 | 190312b xxu||||| |||| 00| 0 eng d | ||
| 020 |
_a9780571277049 _cRs. 499.00 |
||
| 040 | _aLoreto College | ||
| 041 | _aEnglish | ||
| 082 |
_aF _bBAR |
||
| 100 | _aBarry, Sebastian | ||
| 245 |
_aDays without end _bA novel _cSebastian Barry |
||
| 260 |
_aLondon _bFaber & Faber _c2017 |
||
| 300 |
_a301 p. _b24 cm. |
||
| 650 | _aFiction | ||
| 850 | _aLCLIB | ||
| 942 | _cBK | ||
| 999 |
_c41995 _d92474 |
||